00654nam a2200193 a 450000100100000000500170001000800410002702000180006804000250008610000300011124500450014125000110018626000270019730000320022450000340025650000420029095201110033299900170044300004079120201002034401.0130906s2007 sp f 000 0 spa d a9788446022640 aDO-SdBNPbspacBNPHU1 aDa Vinci, Leonardo96721310aTratado de pintura /cLeonardo Da Vinci. a6a ed. aMadrid :bAkal,c2007. a508 p. :bláms. ;c19 cm. aIncluye índice alfabético aIncluye notas al pie de las páginas 001054708MOaGRbGRcCTd2013-09-06iLF1l0o p40791-10r2020-06-25w2020-06-25y4ZPréstamo en sala c40281d40281